Quizzes
Events
Quiz Creation
Community
Videos
Private Events
Remove Ads
Sign In
Join for FREE
Feedback
Dark Mode
Quiz Categories
Sports
Geography
Music
Movies
Television
Just For Fun
Miscellaneous
History
Literature
Language
Science
Gaming
Entertainment
Religion
Holiday
For Kids
Quiz Lab
Recent
Popular Today
Quiz Kudos Today
Editor Picks
Curator Picks
Quizzes by...
Day
Popularity
Type
Ratings
Length
Year
Community
Subscriptions
Recent Discussions
Orange Saloon
Badges
Playlists
Quests
Create
Leaderboards
Showdown
Live 5
Trivia Bingo
Activity
Puzzle Library
Sporcle Events
Private Events
Virtual Trivia
Globe League
Become a Host
Pub Owners
SporcleCon
Opinionation
Our Games
Videos
Blog
Mobile Apps
Partnerships
Remove Ads and Go Orange
Feedback
Sports
Athletes
MLB
NBA
NHL
NFL
Soccer
Sports Teams
WWE
NCAA
Football
Premier League
Basketball
Baseball
Hockey
Golf
Tennis
Cricket
Rugby
Auto Racing
Olympics
World Cup
Sports
Athletes
MLB
NBA
NHL
NFL
Soccer
Sports Teams
WWE
NCAA
Football
Premier League
Basketball
Baseball
Hockey
Golf
Tennis
Cricket
Rugby
Auto Racing
Olympics
World Cup
Random Quiz
Search Sporcle
×
Quiz Lab
Quiz Lab
Sports
Wrestling
Type in answers that appear in a list
Type in answers that appear in a list
Classic
Best Score? Go Orange.
Wrestling Finishing Moves Stats
Can you name the Wrestling Finishing Moves?
By
kennedyfan
12m
50 Questions
210 Plays
210 Plays
210 Plays
Comments
Comments
Give Quiz Kudos
Give Quiz Kudos
-
- Ratings
hide this ad
More Info
Random Order
Randomize order of answers
Randomize order of answers
Replay
Link that replays current quiz
Next Quiz
Link to next quiz in quiz playlist
You Got
0%
They Got
Avg Score
74%
Avg Friend Score
Upgrade to see
Score Distribution
Jump to the score distribution portion of the page
Score
0/50
Timer
12:00
0
Plays Today
Wrestler
Move
% Correct
Undertaker
Tombstone Piledriver
92.9%
Kane
Chokeslam
92.9%
Goldberg
Spear
91.9%
Jeff Hardy
Swanton Bomb
91.4%
The Rock
Rock Bottom
90.5%
Chris Jericho
Codebreaker
90.5%
Edge
Spear
89.5%
Kurt Angle
Angle Slam
88.6%
John Cena
Attitude Adjustment
88.6%
Shawn Michaels
Sweet Chin Music
88.6%
Stone Cold Steve Austin
Stunner
88.1%
Triple H
Pedigree
88.1%
Randy Orton
RKO
86.7%
Bret Hart
Sharpshooter
86.2%
Rey Mysterio
619
85.7%
Eddie Guerrero
Frog Splash
83.3%
Matt Hardy
Twist of Fate
83.3%
Ric Flair
Figure Four Leg Lock
83.3%
CM Punk
Go To Sleep
82.9%
Mankind
Mandible Claw
81.9%
Brock Lesnar
F5
80.5%
Rhyno
Gore
78.1%
Scotty 2 Hotty
The Worm
78.1%
Booker T
Axe Kick
77.6%
Kofi Kingston
Trouble in Paradise
76.2%
Wrestler
Move
% Correct
Christian
Killswitch
75.7%
Dudley Boys
3D
75.2%
Chris Benoit
Crippler Crossface
74.8%
Sting
Scorpion Death Lock
74.3%
Kevin Nash
Jackknife
72.4%
Curt Hennig
Hennigplex
72.4%
Rob Van Dam
Five Star Frog Splash
71%
Scott Hall
Razor's Edge
69.5%
John Morrison
Starship Pain
69%
The Miz
Skull Crushing Finale
67.1%
X-
Pac
X Factor
67.1%
Carlito
Backstabber
65.2%
AJ Styles
Styles Clash
64.8%
Cody Rhodes
CrossRhodes
64.8%
Mr. Kennedy
Mic Check
61.9%
Abyss
Black Hole Slam
61.9%
Lex Luger
Torture Rack
59.5%
Samoa Joe
Muscle Buster
58.1%
Ted DiBiase Jr.
Dream Street
57.1%
Jeff Jarrett
The Stroke
53.8%
Faarooq
Dominator
52.9%
Christopher Daniels
Angel's Wings
51.4%
Spike Dudley
Dudley Dog
49.5%
Tommy Dreamer
Dreamer DDT
49.5%
Tajiri
Buzzsaw Kick
49.5%
Quiz Playlist
Details
Report
Send in Message
Add To Playlist
More Info:
Mix between WWE, TNA, and former wrestlers for both companies
Classic:
Type in answers that appear in a list
Random Order:
Randomize order of answers
Last Updated: Feb 16, 2017
Quiz Scoreboard
CHALLENGE
Sign Up to Join the Scoreboard
Show All
Scores
Hide
Comments
May contain spoilers
Recently Published
9x9 Crossword: Cartoon Network
by jackfrog10
Miscellaneous
3m
College Basketball Coaching Resumes
by pancakes188
Sports
9m
Billboard Blitz: Fleetwood Mac
by CooCooCachoo
Music
15s
More to Explore
Quiz From the Vault
Featured Blog Post
Where Did the Easter Bunny Come From?
hide this ad
You Might Also Like...
Tags
Finishing
Wrestling
Today's Top Quizzes in Sports
Browse Sports
hide this ad
Today's Top Quizzes in Wrestling
Browse Wrestling
Top Contributed Quizzes in Sports
1
2022 World Cup Stars
2
Les meilleurs buteurs des matchs entre le PSG et l’OM
3
FIFA Club World Cup Champions
4
Les entraîneurs de l'OM et du PSG au 21e siècle
5
Criteria MLB: Left Handed Sluggers
6
AFC Teams Reveal (Wrong Answers Minefield)
7
2023 MLB Unique Player Accomplishments
8
5-to-1: FBS Animal Nicknames
9
Players with Multiple 50 Home Run Seasons
10
5-to-1: UK Sports Teams
Explore More
Trending Topics
NBA
Harry Potter
Disney
Crossword
Kpop
Anime
Marvel
The Office
Song
NFL
WWE
Pokémon
Puzzle
Country
Soccer
hide this ad
More By:
kennedyfan
Quiz
Plays
Rating
Category
Featured
Created
Professional Wrestlers' Real Names
212
Entertainment
Oct 25, 2010
Wrestling Finishing Moves
210
3.00
Sports
Oct 11, 2010
Guess the lyrics
170
1.00
Music
Oct 7, 2010
Guess the TNA wrestler by song lyric
101
Entertainment
Feb 26, 2011
Lyrics from Wrestler's theme songs
70
Entertainment
Feb 23, 2011
Go to Creator's Profile
Score Distribution
Quiz Creator Spotlight
kennedyfan
Follow
Send a Message
Quizzes Created
-
Created Quiz Play Count
-
More By This Creator
Popular Quizzes Today
1
Find the US States - No Outlines Minefield
2
Find the Countries of Europe - No Outlines Minefield
3
The Countries of the World
4
Find the US States
5
Risky Map Clicking: Biggest States A-Z
6
US States
7
Popular People in 1961
8
Movies - When Are They Set?
More Sports Quizzes
2021-2022 Hyphenated NBA Players
Quiz Lab
Trending Quizzes
Risky Map Clicking: Least Populous States A-Z
1-10 Letter G Words
1-10 Letter F Words
Risky Map Clicking: Next State Alphabetically
Adjectives in 80s TV Shows
Recently Updated
Leaping Animals
pecheneg
Reality TV Shows (A-Z)
bhenderson79
Rickey Henderson's Hall of Fame Teammates
pecheneg
Champions League XIs: Arsenal
pecheneg
Quick Pick: Celebrities in WWE's Hall of Fame
aduchscher
A-Z Keypad Blitz II
pecheneg
Multiple Oscar Actors
pecheneg
Mystery Phrase Blitz: Oscar 'Best Actors'
pecheneg
F. Scott Fitzgerald Novels
LTH
Pick 3 Villains
ddd62291
Trending Topics
NBA
Harry Potter
Disney
Crossword
Marvel
Anime
Kpop
Song
NFL
The Office
Pokémon
Soccer
Puzzle
Country
WWE
Your Account Isn't Verified!
In order to create a playlist on Sporcle, you need to verify the email address you used during registration. Go to your
Sporcle Settings
to finish the process.
Report this User
Report this user for behavior that violates our
Community Guidelines
.
Details:
Send Report
Go to the Sporcle.com Mobile Site →
Comments